000 00639nam a22002057a 4500
005 20251108171026.0
008 250721s1999 xx 000 0 ara d
082 1 4 _a796.07/صمي
100 1 _aالصميدي، لؤي غانم
245 1 0 _aالتربية البدنية و الحركية للاطفال قبل المدرسة /
264 1 _aعمان :
_bدار الفكر،
_c1999.
300 _a288ص
650 1 7 _aالنمو البدني
650 1 7 _aالتربية الرياضية
650 1 7 _aالتغذية
650 1 7 _aنمو الطفل
650 1 7 _aالجهاز الحركي
942 _2ddc
_cBK
999 _c54702
_d54702